[Event "POL-ch Rapid U18"]
[Site "Bydgoszcz"]
[Date "2023.08.29"]
[Round "3"]
[White "Zieba, Filip"]
[Black "Rabiej, Mateusz"]
[Result "0-1"]
[WhiteElo "1059"]
[BlackElo "1452"]
[PlyCount "80"]
[EventDate "2023.08.28"]
[EventType "swiss"]
[EventRounds "11"]
[EventCountry "POL"]
[SourceTitle "EXT 2024"]
[Source "ChessBase"]
[SourceDate "2023.10.10"]
[SourceVersion "1"]
[SourceVersionDate "2023.10.10"]
[SourceQuality "1"]

1. c4 e6 2. g3 c6 3. Nc3 Nf6 4. Bg2 d5 5. cxd5 cxd5 6. Nf3 Nc6 7. 0-0 Be7 8. e3 0-0 9. d4 b6 10. Qa4 Bd7 11. Qd1 Rc8 12. Re1 Bb4 13. Bd2 h6 14. e4 Bxc3 15. Bxc3 Nxe4 16. Nd2 Nxc3 17. bxc3 Ne7 18. Qc2 Nf5 19. Bf1 Nxd4 20. Qd3 Nf5 21. Be2 Qf6 22. Bd1 Qxc3 23. Qb1 Qxd2 24. Bc2 Qxc2 25. Qc1 Qxc1 26. Rexc1 Rxc1+ 27. Rxc1 Rc8 28. Rxc8+ Bxc8 29. Kf1 Ba6+ 30. Ke1 d4 31. Kd2 e5 32. Kc2 e4 33. Kd2 e3+ 34. fxe3 dxe3+ 35. Ke1 e2 36. a3 Nd4 37. Kd2 Nf3+ 38. Kc3 e1Q+ 39. Kb3 Nd4+ 40. Ka4 Qa5# 0-1